000 00289nam a2200109Ia 4500
008 201217s9999 xx 000 0 und d
100 _aGalbraith, John Kenneth
245 2 _aA History of Economics : The Past As The Present
260 _aLondon
_bHmish Hamilton
300 _a324
942 _cBK
999 _c7677
_d7677